In welchem Bundesland liegt das? - Statistiken

Allgemein
  • Dieses Quiz wurde 414 mal gespielt
  • Das Durchschnittsergebnis liegt bei 14 aus 16
Antwortstatistiken
Sehenswürdigkeit Bundesland % Korrekt
Zugspitze Bayern
99%
Sylt Schleswig-Holstein
97%
Elbphilharmonie Hamburg
96%
Kölner Dom Nordrhein-Westfalen
96%
Saarschleife Saarland
95%
Weserstadion Bremen
92%
Rügen Mecklenburg-Vorpommern
92%
Heide Park Niedersachsen
90%
Museumsinsel Berlin
87%
Frauenkirche Sachsen
87%
Wartburg Thüringen
87%
Brocken (Harz) Sachsen-Anhalt
86%
Mainau Baden-Württemberg
85%
Dom/Römer Hessen
83%
Loreley Rheinland-Pfalz
81%
Lieberoser Wüste Brandenburg
75%
Keine übereinstimmenden Quizze gefunden
Verteilung der Resultate
Anzahl Personen mit jedem Resultat
Perzentil nach korrekt beantworteten Fragen
Ihre Resultats-Entwicklung
Sie haben dieses Quiz noch nicht gespielt